Weiter zum Inhalt

Научные труды (Вестник МАТИ), 2000, № 3 (75) Журнал

Gespeichert in:
Bibliographische Detailangaben
Format: Журнал
Ausgabe:1
Online Zugang:https://znanium.com/catalog/document?id=84146
https://znanium.com/cover/0511/511082.jpg
Tags: Tag hinzufügen
Keine Tags, Fügen Sie den ersten Tag hinzu!
LEADER 01137nam0a2200277 i 4500
001 RU\infra-m\znanium\bibl\511082
003 https://znanium.com/catalog/document?id=84146
005 20250815000000.0
100 |a 20250815d2015 m y0rusy0150 ca 
101 0 |a rus 
102 |a RU 
200 1 |a Научные труды (Вестник МАТИ), 2000, № 3 (75)  |e Журнал 
205 |a 1 
210 1 |a Москва  |c Издательский центр МАТИ  |d 2000 
215 |a 494 с. 
333 |a ВО - Магистратура 
606 |a Общетехнические дисциплины  |2 local 
608 |a Журнал  |2 local 
675 |a 62  |z rus 
686 |a 3  |2 rubbk 
686 |a 12.00.00  |2 okso 
686 |a 15.00.00  |2 okso 
686 |a 24.00.00  |2 okso 
801 0 |a RU  |b Общество с ограниченной ответственностью «ЗНАНИУМ»  |c 20150408  |2 rusmarc 
856 4 |a znanium.com  |m ebs_support@infra-m.ru  |n НИЦ ИНФРА-М  |u https://znanium.com/catalog/document?id=84146 
856 4 1 |a znanium.com  |d /cover/0511  |f 511082.jpg  |q image/jpeg  |u https://znanium.com/cover/0511/511082.jpg